00360nam a2200121Ia 4500008004100000020001800041050001700059100000800076245004100084260003100125300001100156650007100167120626s9999 xx 000 0 und d a968-406-181-1 aPE1645 E8 V6 aVOX aDiccionario inglés español / Vox aMéxico: PLANETA MEXICANA a196 p. a1. Inglés- Dicc.-Español 2. Español- Dicc.- InglésÌÌ